Statistics for Stops on the Q Train (New York City Subway)

Click here to take the quiz!

General Stats

  • This quiz has been taken 76 times
  • The average score is 29 of 34

Answer Stats

StopBoroughService Type% Correct
14 St - Union SqManhattanFull-Time
95%
34 St - Herald SqManhattanFull-Time
95%
57 St - 7 AvManhattanFull-Time
95%
Coney Island - Stillwell AvBrooklynFull-Time
95%
Lexington Av/63 StManhattanFull-Time
95%
Times Sq - 42 StManhattanFull-Time
95%
72 StManhattanFull-Time
92%
86 StManhattanFull-Time
92%
96 StManhattanFull-Time
92%
Atlantic Av - Barclays CenterBrooklynFull-Time
92%
Canal StManhattanFull-Time
92%
DeKalb AvBrooklynFull-Time
92%
49 StManhattanLate Night Only
90%
23 StManhattanLate Night Only
87%
28 StManhattanLate Night Only
87%
Brighton BeachBrooklynFull-Time
87%
Avenue JBrooklynFull-Time
85%
Avenue MBrooklynFull-Time
85%
Prospect ParkBrooklynFull-Time
85%
Avenue UBrooklynFull-Time
82%
Kings HwyBrooklynFull-Time
82%
Sheepshead BayBrooklynFull-Time
82%
7 AvBrooklynFull-Time
79%
Avenue HBrooklynFull-Time
79%
Church AvBrooklynFull-Time
79%
Parkside AvBrooklynFull-Time
74%
8 St - NYUManhattanLate Night Only
72%
Beverley RdBrooklynFull-Time
72%
Cortelyou RdBrooklynFull-Time
72%
Newkirk PlazaBrooklynFull-Time
72%
West 8 St - NY AquariumBrooklynFull-Time
72%
Neck RdBrooklynFull-Time
69%
Prince StManhattanLate Night Only
69%
Ocean PkwyBrooklynFull-Time
67%

Score Distribution

Percentile by Number Answered

Percent of People with Each Score

Your Score History

You have not taken this quiz